000 00593cam a2200205 4500500
005 20260329005605.0
041 _afre
042 _adc
100 1 0 _aMaillard, Denis
_eauthor
245 0 0 _aLe sacre des victimes
260 _c2024.
500 _a59
690 _aDenis Maillard
690 _aFrançois Azouvi
690 _aPascal Bruckner
690 _aSacré
690 _aVictime
786 0 _nPhilosophie magazine | 178 | 4 | 2024-04-01 | p. 45-45 | 1951-1787
856 4 1 _uhttps://shs.cairn.info/magazine-philosophie-magazine-2024-4-page-45?lang=fr&redirect-ssocas=7080
999 _c1844794
_d1844794